00962nam a22002057a 450000500170000000800410001702000150005805000250007310000360009824502190013425000110035326000300036430000280039450400390042265001120046165000660057365000350063970000360067470000460071020240415141911.0 b sp a gr|||| 000 0 spa|| a848155038804aHT178.E87 bB46 19941 aBenítez de Lugo Enrich, Luis.10aDeterminación de estrategias para la mejora de la rentabilidad social del patrimonio histórico de la comunidad de Madrid c / Luis Benítez de Lugo Enrich, Juana Ibañez Funez, Elena Rodríguez San Julián. a1a ed. aMadrid :bDykinson,c1994 a190 p. :bil. ;c24 cm. aIncluye bibliografías e índice 4aEdificios históricosxconservación y restauraciónxaspectos económicoszEspaña, Madrid (región) 4aComunidadesxRenovación urbanazEspaña, Madrid (región) 4aSociología urbanaxLa ciudad1 aIbañez Funez, Juana, eautora1 aRodríguez San Julián, Elena, eautora